Manual práctico para ajuste de aparatos topográficos
Uloženo v:
| Hlavní autor: | |
|---|---|
| Médium: | Kniha |
| Jazyk: | španělština |
| Vydáno: |
Ciudad de México
Limusa
1977
|
| Témata: | |
| Tagy: |
Přidat tag
Žádné tagy, Buďte první, kdo vytvoří štítek k tomuto záznamu!
|
MARC
| LEADER | 00000nam a2200000 a 4500 | ||
|---|---|---|---|
| 001 | UCU4648 | ||
| 003 | CL-VaPUC | ||
| 008 | 960524e19770000MX |||||||||||||||||spa|d | ||
| 082 | 0 | 4 | |a 681.7 |b LLA |2 21 |
| 100 | |a Llamas Zamora, Jesús |e autor |9 471158 | ||
| 245 | 1 | 0 | |a Manual práctico para ajuste de aparatos topográficos |
| 300 | |a 144 p | ||
| 942 | |c BK | ||
| 945 | |d 19960524 00:00:00 |a cmena | ||
| 260 | |a Ciudad de México |b Limusa |c 1977 | ||
| 650 | 7 | |a INSTRUMENTOS DE MEDIDA |2 CL-VaPUC |9 262517 | |
| 650 | 7 | |a EQUIPO DE PRECISION |2 CL-VaPUC |9 362322 | |
| 650 | 7 | |a TELESCOPIOS |2 CL-VaPUC |9 360830 | |
| 650 | 7 | |a TECNOLOGIA DE LA INSTRUMENTACION |2 CL-VaPUC |9 358374 | |
| 650 | 7 | |a TEODOLITOS |2 CL-VaPUC |9 362323 | |
| 583 | |a last modification |c 19960524 00:00:00 |k Rodrigo Vera | ||
| 999 | |c 301246 |d 301244 | ||
| 952 | |0 0 |1 0 |4 0 |6 681_700000000000000_LLA_1977 |7 0 |8 A |9 360028 |a BIBING |b BIBING |d 2019-11-21 |i 1667661 |o 681.7 LLA 1977 |p 1667661 |r 2025-01-20 |w 2019-11-21 |y BK |k CCL | ||